Bảo vệ các hệ thống điện

Tallennettuna:
Bibliografiset tiedot
Päätekijä: Trần Đình Long
Aineistotyyppi: Kirja
Kieli:Vietnamese
Julkaistu: Khoa học Kỹ Thuật 2005
Aiheet:
Tagit: Lisää tagi
Ei tageja, Lisää ensimmäinen tagi!
Thư viện lưu trữ: Mạng thư viện Đại học Đà Nẵng
LEADER 00978nam a2200313 a 4500
001 000002672
003 03070
005 20171229145311.0
008 171229s2005 vie
040 |a LSK 
041 0 |a VIE 
082 0 |a 621.3  |b TR-L 
100 1 |a Trần Đình Long 
245 0 0 |a Bảo vệ các hệ thống điện 
260 |b Khoa học Kỹ Thuật  |c 2005 
300 |a 424 pages  |c 24 cm. 
653 |a Điện - Hệ thống 
852 |a Phòng Đọc - Phòng Mượn 
901 |a 50 
927 |a Sách tham khảo 
OWN |a LSK 
AVA |a UDN50  |b LSK  |d 621.3 TR-L  |e check_holdings  |t Error 5003 Not defined in file expand_doc_bib_avail.  |h N  |k 1 
999 |a From the UDN01 
AVA |a UDN50  |b LSK  |d 621.3 TR-L  |e available  |t Error 5001 Not defined in file expand_doc_bib_avail.  |f 50  |g 0  |h N  |i 0  |k 1 
TYP |a Monograph 
TYP |a Printed language 
980 |a Mạng thư viện Đại học Đà Nẵng